[Event "25. Copenhagen Open  (Politiken Cup)"]
[Site "Copenhagen"]
[Date "2003.07.14"]
[Round "1"]
[White "Abrahamsson, Daniel"]
[Black "Roder, Peter"]
[Result "1/2-1/2"]
[WhiteElo "1671"]
[BlackElo "2170"]
[PlyCount "57"]
[EventDate "2003.07.14"]
[EventType "swiss"]
[EventRounds "11"]
[EventCountry "DEN"]
[SourceDate "2004.01.01"]

1. d4 Nf6 2. Nf3 c5 3. d5 b5 4. c4 g6 5. cxb5 a6 6. bxa6 Bxa6 7. Nc3 Bg7 8. g3
d6 9. e4 Bxf1 10. Kxf1 O-O 11. Kg2 Nbd7 12. Re1 Qb6 13. a4 Rfb8 14. Nb5 Ne8 15.
Nd2 Nc7 16. Nc4 Qb7 17. Nxc7 Qxc7 18. a5 Rb4 19. Qc2 Qb7 20. Bd2 Rb5 21. Bc3
Qa6 22. Ra4 Nf6 23. Qe2 Rb7 24. f4 Re8 25. Qd2 Qb5 26. Qc2 Qa6 27. Qd2 Qb5 28.
Qc2 Qa6 29. Qd2 1/2-1/2

[Event "25. Copenhagen Open  (Politiken Cup)"]
[Site "Copenhagen"]
[Date "2003.07.14"]
[Round "1"]
[White "Andersen, Kaare Vissing"]
[Black "Stolberg-Rohr, Thomine"]
[Result "1-0"]
[WhiteElo "2245"]
[BlackElo "1773"]
[PlyCount "51"]
[EventDate "2003.07.14"]
[EventType "swiss"]
[EventRounds "11"]
[EventCountry "DEN"]
[SourceDate "2004.01.01"]

1. e4 g6 2. d4 Bg7 3. Nf3 d6 4. c3 Nc6 5. Bd3 e5 6. Be3 Bg4 7. d5 Nce7 8. h3
Bd7 9. Nfd2 f5 10. f3 Nf6 11. c4 c6 12. Nc3 a6 13. Na4 cxd5 14. cxd5 b5 15. Nb6
Rb8 16. Nxd7 Nxd7 17. O-O O-O 18. Rc1 Rc8 19. Nb3 Kh8 20. Qd2 Nb6 21. Na5 Na4
22. Rxc8 Nxc8 23. Rc1 Rf7 24. Nc6 Qe8 25. b3 Nab6 26. Qa5 1-0

[Event "25. Copenhagen Open  (Politiken Cup)"]
[Site "Copenhagen"]
[Date "2003.07.14"]
[Round "1"]
[White "Andreasen, Jakup a Rogvi"]
[Black "Harestad, Hans Krogh"]
[Result "0-1"]
[WhiteElo "1784"]
[BlackElo "2249"]
[PlyCount "82"]
[EventDate "2003.07.14"]
[EventType "swiss"]
[EventRounds "11"]
[EventCountry "DEN"]
[SourceDate "2004.01.01"]

1. d4 Nf6 2. Bg5 e6 3. e3 c5 4. c3 Nc6 5. f4 Be7 6. Nf3 Qb6 7. Qc1 d6 8. Nbd2
cxd4 9. exd4 Nd5 10. Bxe7 Ncxe7 11. Nc4 Qc7 12. Bd3 O-O 13. O-O b5 14. Na3 a6
15. Qd2 Ng6 16. Ng5 Qe7 17. g3 f5 18. Nc2 h6 19. Nf3 Qa7 20. Rae1 Bd7 21. Kg2
Rae8 22. Ne3 Nf6 23. h3 Bc6 24. Kh2 Qb7 25. Ng1 Ne4 26. Qd1 Ne7 27. Nf3 Kh8 28.
Nh4 Rf6 29. g4 g6 30. Bxe4 Bxe4 31. g5 hxg5 32. fxg5 Rf7 33. Nxg6+ Nxg6 34.
Qh5+ Rh7 35. Qxg6 Qe7 36. Rg1 Rg8 37. Qf6+ Qxf6 38. gxf6 Rf8 39. Rg3 f4 40. Rg7
fxe3 41. Rxe3 Rxf6 0-1

[Event "25. Copenhagen Open  (Politiken Cup)"]
[Site "Copenhagen"]
[Date "2003.07.14"]
[Round "1"]
[White "Auchenberg, Per"]
[Black "Hogh, Sidsel T"]
[Result "1-0"]
[WhiteElo "2075"]
[BlackElo "1438"]
[PlyCount "75"]
[EventDate "2003.07.14"]
[EventType "swiss"]
[EventRounds "11"]
[EventCountry "DEN"]
[SourceDate "2004.01.01"]

1. f4 d5 2. b3 Nf6 3. Bb2 e6 4. Nf3 Nc6 5. e3 Be7 6. Bb5 Bd7 7. O-O O-O 8. a3
a6 9. Be2 Na5 10. Qe1 c5 11. d3 b5 12. Nbd2 Rc8 13. Ne5 Nc6 14. Ndf3 Be8 15.
Qg3 Nxe5 16. Nxe5 d4 17. c3 dxe3 18. Qxe3 Nd7 19. Ng4 Nf6 20. Nf2 Bc6 21. c4
Bb7 22. Bc3 Re8 23. Kh1 Bf8 24. Ne4 Nxe4 25. dxe4 Qc7 26. cxb5 axb5 27. Bxb5
Red8 28. a4 Bc6 29. Bc4 Ra8 30. f5 exf5 31. Rxf5 Rd7 32. Raf1 Rad8 33. h3 Kh8
34. Qf3 f6 35. Rxf6 gxf6 36. Qxf6+ Bg7 37. Qf8+ Rxf8 38. Rxf8# 1-0

[Event "25. Copenhagen Open  (Politiken Cup)"]
[Site "Copenhagen"]
[Date "2003.07.14"]
[Round "1"]
[White "Baark, Mathias"]
[Black "Nordenbaek, Jan"]
[Result "0-1"]
[WhiteElo "1800"]
[BlackElo "2254"]
[PlyCount "62"]
[EventDate "2003.07.14"]
[EventType "swiss"]
[EventRounds "11"]
[EventCountry "DEN"]
[SourceDate "2004.01.01"]

1. f4 d5 2. Nf3 g6 3. g3 Bg7 4. Bg2 c6 5. d3 Bg4 6. c3 Nd7 7. O-O Bxf3 8. Bxf3
e5 9. e4 Ne7 10. f5 gxf5 11. exf5 Bf6 12. Bg2 h5 13. h3 Nb6 14. a4 Qd7 15. a5
Nbc8 16. Qb3 Nd6 17. Ra4 Nb5 18. g4 hxg4 19. hxg4 Bh4 20. Nd2 Qd6 21. Nf3 Bg3
22. Bd2 O-O-O 23. Qd1 Rdg8 24. Ng5 Bh2+ 25. Kh1 Rxg5 26. Bxg5 Bf4+ 27. Kg1 Bxg5
28. Rf3 e4 29. Rh3 Rxh3 30. Bxh3 Qg3+ 31. Bg2 Be3+ 0-1

[Event "25. Copenhagen Open  (Politiken Cup)"]
[Site "Copenhagen"]
[Date "2003.07.14"]
[Round "1"]
[White "Beliavsky, Alexander"]
[Black "Schuetzhold, Frank"]
[Result "1-0"]
[WhiteElo "2668"]
[BlackElo "2063"]
[PlyCount "57"]
[EventDate "2003.07.14"]
[EventType "swiss"]
[EventRounds "11"]
[EventCountry "DEN"]
[SourceDate "2004.01.01"]

1. d4 Nf6 2. c4 e6 3. Nc3 Bb4 4. Qc2 c5 5. dxc5 Bxc5 6. Bf4 O-O 7. Rd1 Nc6 8.
e3 Nh5 9. Bd6 Bxd6 10. Rxd6 Nf6 11. Nf3 Qe7 12. Qd1 Rd8 13. Be2 b6 14. O-O Bb7
15. a3 Rac8 16. b4 Nb8 17. Nb5 Rc6 18. Ne5 Rxd6 19. Nxd6 Ba8 20. Ndxf7 Rf8 21.
Qd6 Qe8 22. Ng5 h6 23. Bf3 Bxf3 24. Ngxf3 Ne4 25. Qd3 Ng5 26. Nxg5 hxg5 27. Rd1
Nc6 28. Nxd7 Rf7 29. b5 1-0

[Event "25. Copenhagen Open  (Politiken Cup)"]
[Site "Copenhagen"]
[Date "2003.07.14"]
[Round "1"]
[White "Bering, Anders"]
[Black "Nielsen, Erik"]
[Result "1-0"]
[WhiteElo "2101"]
[BlackElo "1389"]
[PlyCount "131"]
[EventDate "2003.07.14"]
[EventType "swiss"]
[EventRounds "11"]
[EventCountry "DEN"]
[SourceDate "2004.01.01"]

1. e4 c5 2. Nf3 Nc6 3. Bb5 a6 4. Bxc6 bxc6 5. e5 d5 6. exd6 exd6 7. h3 Qe7+ 8.
Qe2 Qxe2+ 9. Kxe2 Be7 10. d3 Bf6 11. Nbd2 Be6 12. Ne4 Kd7 13. Nxf6+ Nxf6 14. b3
Rhe8 15. Kd2 Bd5 16. Ne1 a5 17. c4 Be6 18. Bb2 Ke7 19. g4 a4 20. Ng2 g5 21. f4
gxf4 22. Nxf4 Reb8 23. Rhf1 Nd7 24. Kc2 axb3+ 25. axb3 Rg8 26. Rae1 Ra7 27. Re2
Rb8 28. Rfe1 Nf8 29. Ra1 Rxa1 30. Bxa1 Ra8 31. Bb2 Ng6 32. Nh5 Nf8 33. Nf6 Ra2
34. Ne4 Ng6 35. Kb1 Ra8 36. Bf6+ Kd7 37. Bg7 Ke7 38. Nf6 Nf8 39. Bxf8+ Kxf6 40.
Bxd6 Rd8 41. Be5+ Kg5 42. Kc2 h5 43. Rf2 Ra8 44. Bf6+ Kg6 45. gxh5+ Kxh5 46.
Rf3 Ra2+ 47. Kc3 Ra7 48. Rg3 Rd7 49. Rg5+ Kh4 50. Rxc5+ Kxh3 51. Rxc6 Kg4 52.
d4 Kf4 53. Rc5 Bg4 54. Re5 Rd6 55. Bg7 f5 56. Re7 Kf3 57. Be5 Ra6 58. d5 Ra2
59. d6 Ra8 60. d7 Bh5 61. Bc7 f4 62. d8=Q Rxd8 63. Bxd8 Kf2 64. Re5 Be2 65.
Bh4+ Kg2 66. Rxe2+ 1-0

[Event "25. Copenhagen Open  (Politiken Cup)"]
[Site "Copenhagen"]
[Date "2003.07.14"]
[Round "1"]
[White "Brasoy, Aksel"]
[Black "Bleis, Christian"]
[Result "0-1"]
[WhiteElo "1794"]
[BlackElo "2252"]
[PlyCount "80"]
[EventDate "2003.07.14"]
[EventType "swiss"]
[EventRounds "11"]
[EventCountry "DEN"]
[SourceDate "2004.01.01"]

1. d4 Nf6 2. c4 c5 3. d5 e6 4. Nc3 exd5 5. cxd5 d6 6. e4 g6 7. f4 Bg7 8. Bb5+
Nfd7 9. a4 O-O 10. Nf3 Na6 11. O-O Nc7 12. Bd3 Nf6 13. Qe1 Re8 14. Qh4 Nh5 15.
Qf2 f5 16. e5 b6 17. Re1 Bb7 18. Bc4 h6 19. Bd2 Kh7 20. Rad1 a6 21. Bc1 Rb8 22.
h3 Bc8 23. exd6 Rxe1+ 24. Qxe1 Qxd6 25. Ne5 b5 26. axb5 axb5 27. Be2 Nf6 28.
Bf3 b4 29. Qg3 Nd7 30. Nc6 bxc3 31. Nxb8 Nxb8 32. bxc3 Bxc3 33. Be2 Bg7 34. Ba3
Ba6 35. Bxa6 Nbxa6 36. Qf3 Nb5 37. Bc1 Nd4 38. Qd3 Qxd5 39. Qxa6 Nf3+ 40. Kf2
Qxd1 0-1

[Event "25. Copenhagen Open  (Politiken Cup)"]
[Site "Copenhagen"]
[Date "2003.07.14"]
[Round "1"]
[White "Brinck Claussen, Bjorn"]
[Black "Helin, Mikael"]
[Result "1-0"]
[WhiteElo "2355"]
[BlackElo "1971"]
[PlyCount "35"]
[EventDate "2003.07.14"]
[EventType "swiss"]
[EventRounds "11"]
[EventCountry "DEN"]
[SourceDate "2004.01.01"]

1. e4 c5 2. Nf3 a6 3. c3 d5 4. exd5 Nf6 5. d4 cxd4 6. cxd4 Qxd5 7. Nc3 Qh5 8.
Be2 Bg4 9. Qb3 Nbd7 10. Qxb7 Rb8 11. Qxa6 e6 12. Bf4 Rxb2 13. Qa8+ Nb8 14. Bxb8
Rxe2+ 15. Kxe2 Qg6 16. Bd6+ Kd7 17. Qb7+ Kd8 18. Qc7+ 1-0

[Event "25. Copenhagen Open  (Politiken Cup)"]
[Site "Copenhagen"]
[Date "2003.07.14"]
[Round "1"]
[White "Bromann, Thorbjorn"]
[Black "Wilsbeck, Jan Borge"]
[Result "1-0"]
[WhiteElo "2360"]
[BlackElo "1975"]
[PlyCount "71"]
[EventDate "2003.07.14"]
[EventType "swiss"]
[EventRounds "11"]
[EventCountry "DEN"]
[SourceDate "2004.01.01"]

1. d4 Nf6 2. Nc3 d5 3. Bg5 Bf5 4. f3 h6 5. Bh4 c5 6. dxc5 d4 7. e4 dxc3 8.
Qxd8+ Kxd8 9. exf5 cxb2 10. Rb1 Nbd7 11. c6 bxc6 12. Rxb2 Rb8 13. Rxb8+ Nxb8
14. Bf2 a6 15. Bg3 Nfd7 16. Bc4 f6 17. Ne2 Ne5 18. Bxe5 fxe5 19. f4 g5 20. fxg6
Bg7 21. f5 a5 22. Ng3 h5 23. f6 Bxf6 24. Nf5 Nd7 25. g7 Bxg7 26. Nxg7 Nb6 27.
Be2 h4 28. O-O Nd5 29. Bf3 Kc7 30. Re1 Rh7 31. Ne6+ Kd6 32. Ng5 Rg7 33. Ne4+
Ke6 34. Nc5+ Kf6 35. Nd7+ Ke6 36. Nxe5 1-0

[Event "25. Copenhagen Open  (Politiken Cup)"]
[Site "Copenhagen"]
[Date "2003.07.14"]
[Round "1"]
[White "Brondum, Eric"]
[Black "Cohen, Ronnie"]
[Result "1-0"]
[WhiteElo "2198"]
[BlackElo "1695"]
[PlyCount "115"]
[EventDate "2003.07.14"]
[EventType "swiss"]
[EventRounds "11"]
[EventCountry "DEN"]
[SourceDate "2004.01.01"]

1. d4 Nf6 2. Nf3 g6 3. c4 Bg7 4. Nc3 O-O 5. e4 d6 6. Be2 e5 7. d5 a5 8. Bg5 h6
9. Bh4 Na6 10. Nd2 Nc5 11. O-O g5 12. Bg3 Nh7 13. Bg4 f5 14. Bxf5 Bxf5 15. exf5
Rxf5 16. Nde4 Nxe4 17. Nxe4 b6 18. Qc2 Rf7 19. Rfe1 Nf6 20. Rab1 Qd7 21. b3
Raf8 22. a3 Nxe4 23. Qxe4 Qf5 24. Qxf5 Rxf5 25. Re4 h5 26. h4 g4 27. Kf1 Bh6
28. Ke2 Kg7 29. b4 Ra8 30. c5 axb4 31. cxb6 bxa3 32. b7 a2 33. Ra1 Rb8 34. Rb4
Kf8 35. Rxa2 Ke7 36. f3 gxf3+ 37. gxf3 Kd7 38. Bf2 c5 39. dxc6+ Kxc6 40. Rc2+
Kd7 41. Ba7 Rff8 42. Bxb8 Rxb8 43. Kd3 Bf8 44. Rb5 Be7 45. Rc4 Bd8 46. Kc2 Bc7
47. Kd3 Rf8 48. Ke3 Bb8 49. Rc8 Ba7+ 50. Kd3 Rxc8 51. bxc8=Q+ Kxc8 52. Ke4 Bf2
53. Rb2 Bxh4 54. Rh2 Be7 55. Rxh5 Kd7 56. Kd5 Bd8 57. Rh6 Be7 58. Rh7 1-0

[Event "25. Copenhagen Open  (Politiken Cup)"]
[Site "Copenhagen"]
[Date "2003.07.14"]
[Round "1"]
[White "Brondum, Jan Kraul"]
[Black "Solleveld, Maarten"]
[Result "0-1"]
[WhiteElo "1569"]
[BlackElo "2458"]
[PlyCount "64"]
[EventDate "2003.07.14"]
[EventType "swiss"]
[EventRounds "11"]
[EventCountry "DEN"]
[SourceDate "2004.01.01"]

1. e4 e5 2. Nf3 Nc6 3. Bb5 a6 4. Ba4 Nf6 5. O-O b5 6. Bb3 Be7 7. Re1 d6 8. c3
O-O 9. h3 Na5 10. Bc2 c5 11. d4 Qc7 12. Nbd2 Rd8 13. Nf1 cxd4 14. cxd4 exd4 15.
Nxd4 d5 16. e5 Ne4 17. Bf4 Bc5 18. Qd3 Nc4 19. Rxe4 dxe4 20. Qxe4 g6 21. Nb3
Bb7 22. Qe2 Bf8 23. Rc1 Rac8 24. Bb1 Bg7 25. Nfd2 Qd7 26. Ne4 Nxe5 27. Nbc5 Qe7
28. Nxb7 Rxc1+ 29. Bxc1 Qxb7 30. b3 Qd5 31. Nc3 Qd4 32. Bb2 b4 0-1

[Event "25. Copenhagen Open  (Politiken Cup)"]
[Site "Copenhagen"]
[Date "2003.07.14"]
[Round "1"]
[White "Christensen, Christian"]
[Black "Jensen, Alexander Lindberg"]
[Result "1-0"]
[WhiteElo "2113"]
[BlackElo "1539"]
[PlyCount "43"]
[EventDate "2003.07.14"]
[EventType "swiss"]
[EventRounds "11"]
[EventCountry "DEN"]
[SourceDate "2004.01.01"]

1. Nf3 d5 2. c4 Nf6 3. cxd5 Nxd5 4. e4 Nb6 5. d4 Bg4 6. Be3 e6 7. Nc3 c6 8. h3
Bh5 9. g4 Bg6 10. h4 Bb4 11. Bd3 h6 12. Ne5 Bh7 13. Qf3 f6 14. Nc4 N8d7 15. g5
f5 16. gxh6 gxh6 17. Qh5+ Ke7 18. Qxh6 Qf8 19. Bg5+ Ke8 20. Qxe6+ Be7 21. Nd6+
Kd8 22. Nf7+ 1-0

[Event "25. Copenhagen Open  (Politiken Cup)"]
[Site "Copenhagen"]
[Date "2003.07.14"]
[Round "1"]
[White "Christensen, Christoffer"]
[Black "Jiretorn, Eva"]
[Result "0-1"]
[WhiteElo "1599"]
[BlackElo "2146"]
[PlyCount "114"]
[EventDate "2003.07.14"]
[EventType "swiss"]
[EventRounds "11"]
[EventCountry "DEN"]
[SourceDate "2004.01.01"]

1. e4 c5 2. Nf3 d6 3. d4 cxd4 4. Nxd4 Nf6 5. Nc3 g6 6. Bc4 Bg7 7. f3 O-O 8. Be3
Nc6 9. Qd2 Bd7 10. g4 Rc8 11. Bb3 h5 12. gxh5 Nxh5 13. Nce2 Ne5 14. h3 b5 15.
Bh6 a5 16. Bxg7 Kxg7 17. c3 a4 18. f4 axb3 19. fxe5 dxe5 20. Nxb3 e6 21. O-O-O
Bc6 22. Qxd8 Rfxd8 23. Nc5 Rxd1+ 24. Rxd1 Nf6 25. Ng3 Rh8 26. Rh1 Rh4 27. Kd2
Bxe4 28. Ngxe4 Nxe4+ 29. Nxe4 Rxe4 30. Kd3 f5 31. b3 Kf6 32. c4 bxc4+ 33. bxc4
Rh4 34. a4 g5 35. a5 g4 36. a6 gxh3 37. c5 Ra4 38. c6 Rxa6 39. c7 Rc6 40. Rxh3
Rxc7 41. Rh6+ Ke7 42. Rg6 e4+ 43. Kd4 Kd6 44. Rg8 e5+ 45. Ke3 Rc3+ 46. Kd2 Rd3+
47. Ke2 Ra3 48. Rd8+ Ke6 49. Re8+ Kf6 50. Rg8 f4 51. Rf8+ Ke7 52. Rf5 Ra2+ 53.
Ke1 Ke6 54. Rf8 Kd5 55. Rd8+ Kc4 56. Rd7 e3 57. Rd8 f3 0-1

[Event "25. Copenhagen Open  (Politiken Cup)"]
[Site "Copenhagen"]
[Date "2003.07.14"]
[Round "1"]
[White "Christensen, Henrik"]
[Black "Hvenekilde, Jorgen"]
[Result "0-1"]
[WhiteElo "1802"]
[BlackElo "2259"]
[PlyCount "44"]
[EventDate "2003.07.14"]
[EventType "swiss"]
[EventRounds "11"]
[EventCountry "DEN"]
[SourceDate "2004.01.01"]

1. e4 e5 2. Nf3 Nc6 3. Bb5 Bc5 4. c3 Nf6 5. O-O O-O 6. d4 Bb6 7. Bg5 d6 8. Bxc6
bxc6 9. dxe5 dxe5 10. Qxd8 Rxd8 11. Nxe5 Ba6 12. Bxf6 gxf6 13. Nxc6 Bxf1 14.
Kxf1 Rd1+ 15. Ke2 Rg1 16. Ne7+ Kf8 17. Nd5 Rd8 18. a4 c6 19. a5 Bc5 20. Nxf6
Be7 21. e5 Rdd1 22. Ra4 Rxb1 0-1

[Event "25. Copenhagen Open  (Politiken Cup)"]
[Site "Copenhagen"]
[Date "2003.07.14"]
[Round "1"]
[White "Christensen, Tobias"]
[Black "Frisk, Hans"]
[Result "0-1"]
[WhiteElo "2371"]
[BlackElo "1980"]
[PlyCount "83"]
[EventDate "2003.07.14"]
[EventType "swiss"]
[EventRounds "11"]
[EventCountry "DEN"]
[SourceDate "2004.01.01"]

1. c4 e5 2. g3 Nc6 3. Bg2 g6 4. a3 a5 5. Nc3 Bg7 6. e3 Nf6 7. d4 exd4 8. exd4
O-O 9. Nge2 d6 10. O-O Bd7 11. h3 Qc8 12. Kh2 Re8 13. Bf4 Ne7 14. g4 h5 15. f3
Bc6 16. Ng3 hxg4 17. hxg4 d5 18. Bh3 Qd8 19. c5 a4 20. Qd3 Nh7 21. Rae1 Nf8 22.
Be5 f6 23. Bf4 g5 24. Bd2 Neg6 25. Nh5 Qd7 26. f4 Rxe1 27. Rxe1 Re8 28. Rxe8
Qxe8 29. fxg5 fxg5 30. Bxg5 Qe1 31. Qe3 Nh4 32. Nxg7 Kxg7 33. Bh6+ Kg8 34. Qxe1
Nf3+ 35. Kg3 Nxe1 36. Bxf8 Kxf8 37. Bg2 Nxg2 38. Kxg2 b6 39. cxb6 cxb6 40. Kf3
Kf7 41. Kf4 Ke6 42. Kg5 0-1

[Event "25. Copenhagen Open  (Politiken Cup)"]
[Site "Copenhagen"]
[Date "2003.07.14"]
[Round "1"]
[White "Christoffersen, Ebbe"]
[Black "Richards, Heather"]
[Result "1/2-1/2"]
[WhiteElo "1737"]
[BlackElo "2233"]
[PlyCount "95"]
[EventDate "2003.07.14"]
[EventType "swiss"]
[EventRounds "11"]
[EventCountry "DEN"]
[SourceDate "2004.01.01"]

1. e4 e6 2. d4 d5 3. exd5 exd5 4. Bd3 Bd6 5. Ne2 Ne7 6. O-O Bg4 7. c3 Nbc6 8.
Qc2 Qd7 9. Re1 O-O-O 10. b4 Rde8 11. a4 Bf5 12. Bf4 Bxd3 13. Qxd3 Bxf4 14. Nxf4
Ng6 15. Ne2 f5 16. Nd2 f4 17. Nf3 Re7 18. a5 Rhe8 19. b5 Nd8 20. c4 dxc4 21.
Qxc4 Nf7 22. b6 a6 23. bxc7 Nd6 24. Qd3 Nb5 25. Rac1 Nxc7 26. d5 Kb8 27. Nc3
Rxe1+ 28. Rxe1 Rxe1+ 29. Nxe1 Qe7 30. Kf1 Qd6 31. Nf3 h6 32. Qd4 Ne7 33. Qxg7
Nexd5 34. Qh8+ Ka7 35. Qd4+ Kb8 36. Qh8+ Ka7 37. Qd4+ b6 38. Nxd5 Nxd5 39.
axb6+ Kb7 40. Ne5 Qe6 41. Nd3 Qf5 42. Nc5+ Kxb6 43. Ne4+ Kc7 44. Qc5+ Kb8 45.
Qd6+ Ka7 46. Qc5+ Kb8 47. Qd6+ Ka7 48. Qc5+ 1/2-1/2

[Event "25. Copenhagen Open  (Politiken Cup)"]
[Site "Copenhagen"]
[Date "2003.07.14"]
[Round "1"]
[White "Christoffersen, Jan"]
[Black "Mikkelsen, Nikolaj"]
[Result "0-1"]
[WhiteElo "1398"]
[BlackElo "2104"]
[PlyCount "104"]
[EventDate "2003.07.14"]
[EventType "swiss"]
[EventRounds "11"]
[EventCountry "DEN"]
[SourceDate "2004.01.01"]

1. e4 c5 2. Nf3 d6 3. c3 g6 4. d4 cxd4 5. Qxd4 Nf6 6. h3 Bg7 7. Bb5+ Nc6 8. O-O
O-O 9. Qd3 a6 10. Bxc6 bxc6 11. Be3 a5 12. Na3 Ba6 13. c4 Nd7 14. Rab1 f5 15.
Rfd1 f4 16. Bd4 e5 17. Bc3 d5 18. exd5 Nc5 19. Qe2 e4 20. Nh2 cxd5 21. Bxg7
Kxg7 22. b4 axb4 23. Rxb4 Nd3 24. Rbb1 Bc8 25. cxd5 Qxd5 26. Rb5 Qc6 27. Rb3
Be6 28. Rbxd3 exd3 29. Qxd3 Rfd8 30. Qe2 Rxd1+ 31. Qxd1 Rxa3 32. Qd4+ Kg8 33.
Qd8+ Kf7 34. Nf3 Rxf3 35. gxf3 Qxf3 36. Qc7+ Kf6 37. Qd8+ Kf5 38. Qf8+ Ke5 39.
Qc5+ Bd5 40. Qe7+ Kf5 41. Qf8+ Kg5 42. Qe7+ Kh6 43. Qh4+ Qh5 44. Qxf4+ Qg5+ 45.
Qxg5+ Kxg5 46. a4 Kf4 47. a5 Bb7 48. Kf1 Kf3 49. Kg1 Ba6 50. Kh2 Kxf2 51. h4 h5
52. Kh3 Kf3 0-1

[Event "25. Copenhagen Open  (Politiken Cup)"]
[Site "Copenhagen"]
[Date "2003.07.14"]
[Round "1"]
[White "Draeger, Michael"]
[Black "Bohlke, Christian"]
[Result "0-1"]
[WhiteElo "1702"]
[BlackElo "2205"]
[PlyCount "60"]
[EventDate "2003.07.14"]
[EventType "swiss"]
[EventRounds "11"]
[EventCountry "DEN"]
[SourceDate "2004.01.01"]

1. e4 e6 2. d4 d5 3. Nc3 Nf6 4. Bg5 Be7 5. e5 Nfd7 6. Bxe7 Qxe7 7. f4 a6 8. Nf3
c5 9. Qd2 Nc6 10. Be2 b5 11. O-O cxd4 12. Nxd4 Qc5 13. Ncxb5 axb5 14. c3 Nxd4
15. cxd4 Qb6 16. Kh1 O-O 17. b3 b4 18. Rfc1 Bb7 19. Rc2 Rfc8 20. Rac1 Rxc2 21.
Rxc2 Rc8 22. Rxc8+ Bxc8 23. h3 Nb8 24. Qc2 Nc6 25. f5 exf5 26. Bf3 Be6 27. g4
Nxd4 28. Qd3 Nxf3 29. Qxf3 fxg4 30. hxg4 Qd4 0-1

[Event "25. Copenhagen Open  (Politiken Cup)"]
[Site "Copenhagen"]
[Date "2003.07.14"]
[Round "1"]
[White "Duijker, Bert"]
[Black "Nyysti, Sampsa"]
[Result "0-1"]
[WhiteElo "2018"]
[BlackElo "2399"]
[PlyCount "78"]
[EventDate "2003.07.14"]
[EventType "swiss"]
[EventRounds "11"]
[EventCountry "DEN"]
[SourceDate "2004.01.01"]

1. Nf3 Nf6 2. c4 c5 3. d4 cxd4 4. Nxd4 b6 5. Nc3 Bb7 6. Bg5 d6 7. f3 Nbd7 8. e4
e6 9. Rc1 Be7 10. Bd3 h6 11. Be3 Ne5 12. b3 Nxd3+ 13. Qxd3 O-O 14. O-O a6 15.
Rcd1 Qc7 16. Rc1 Rad8 17. Nde2 Ba8 18. Na4 Nd7 19. Bd4 Bc6 20. Nac3 Qb8 21. Qd2
Rc8 22. Qb2 b5 23. cxb5 axb5 24. Nd1 e5 25. Bf2 f5 26. exf5 d5 27. Ng3 Qa8 28.
b4 d4 29. Re1 Bg5 30. Qb3+ Bd5 31. Rxc8 Rxc8 32. Qd3 Bc4 33. Qe4 Bd2 34. f6
Qxe4 35. Nxe4 Bxe1 36. Bxe1 gxf6 37. Bh4 Be2 38. Nxf6+ Nxf6 39. Bxf6 Bxd1 0-1

[Event "25. Copenhagen Open  (Politiken Cup)"]
[Site "Copenhagen"]
[Date "2003.07.14"]
[Round "1"]
[White "Edvardsen, Ragnar"]
[Black "Edvardsson, Hannu Kalervo"]
[Result "1-0"]
[WhiteElo "2092"]
[BlackElo "1325"]
[PlyCount "69"]
[EventDate "2003.07.14"]
[EventType "swiss"]
[EventRounds "11"]
[EventCountry "DEN"]
[SourceDate "2004.01.01"]

1. d4 d5 2. Nf3 e6 3. g3 Nf6 4. Bg2 Be7 5. O-O O-O 6. b3 c6 7. Bb2 Nbd7 8. c4
b6 9. Nbd2 Bb7 10. Rc1 Rc8 11. Qc2 h6 12. Ne5 Nxe5 13. dxe5 Nd7 14. e4 Rb8 15.
f4 f5 16. exd5 cxd5 17. cxd5 Bxd5 18. Bxd5 exd5 19. Nf3 Nc5 20. Rfd1 Ne4 21.
Qd3 Bc5+ 22. Kg2 d4 23. Bxd4 Bxd4 24. Qc4+ Kh8 25. Rxd4 Qc8 26. Nh4 Kh7 27.
Qxc8 Rbxc8 28. Rxc8 Rxc8 29. Nxf5 Rc2+ 30. Kf3 Nc5 31. b4 Na6 32. Rd7 Nxb4 33.
Rxg7+ Kh8 34. Rxa7 Rxh2 35. e6 1-0

[Event "25. Copenhagen Open  (Politiken Cup)"]
[Site "Copenhagen"]
[Date "2003.07.14"]
[Round "1"]
[White "Eiholt, Bjarne"]
[Black "Lonborg, Morten"]
[Result "0-1"]
[WhiteElo "1690"]
[BlackElo "2185"]
[PlyCount "48"]
[EventDate "2003.07.14"]
[EventType "swiss"]
[EventRounds "11"]
[EventCountry "DEN"]
[SourceDate "2004.01.01"]

1. d4 Nf6 2. c4 c5 3. d5 b5 4. cxb5 a6 5. Nc3 axb5 6. e4 b4 7. Nb5 d6 8. Bd3 g6
9. Nf3 Bg7 10. O-O O-O 11. Qc2 Nbd7 12. Nd2 Ba6 13. a4 Nb6 14. Rb1 e6 15. dxe6
fxe6 16. e5 Ng4 17. exd6 Nxh2 18. Kxh2 Qh4+ 19. Kg1 Be5 20. f4 Bxb5 21. fxe5
Qd4+ 22. Kh1 Bxd3 23. Qb3 c4 24. Qxb4 Rxf1+ 0-1

[Event "25. Copenhagen Open  (Politiken Cup)"]
[Site "Copenhagen"]
[Date "2003.07.14"]
[Round "1"]
[White "Glud, Jakob Vang"]
[Black "Lauritsen, Martin Lee"]
[Result "1/2-1/2"]
[WhiteElo "2173"]
[BlackElo "1687"]
[PlyCount "113"]
[EventDate "2003.07.14"]
[EventType "swiss"]
[EventRounds "11"]
[EventCountry "DEN"]
[SourceDate "2004.01.01"]

1. Nf3 c5 2. c4 Nf6 3. Nc3 e6 4. e4 d6 5. d4 cxd4 6. Nxd4 Nc6 7. Be2 Be7 8. O-O
Bd7 9. Be3 a6 10. f3 Rc8 11. Qd2 Qc7 12. Rac1 O-O 13. Rfd1 Rfd8 14. Nd5 exd5
15. cxd5 Qb8 16. dxc6 Bxc6 17. Nxc6 Rxc6 18. Rxc6 bxc6 19. Bxa6 d5 20. Qc2 Qa8
21. Bd3 dxe4 22. fxe4 Qxa2 23. Bb6 Rb8 24. Bc4 Qa8 25. Bf2 Qb7 26. b3 Ng4 27.
Kh1 Nxf2+ 28. Qxf2 Bf6 29. Qf5 Rd8 30. Rxd8+ Bxd8 31. e5 Qa7 32. h3 g6 33. Qf1
Kg7 34. g3 Qe7 35. Qa1 Kg8 36. Qa8 Qd7 37. Kg2 h5 38. h4 Kh7 39. Qa2 Kg7 40.
Qf2 Qe7 41. Qf3 c5 42. Qc3 Kg8 43. Kf3 Qb7+ 44. Kf4 Qg2 45. Qe3 Ba5 46. Qf3
Qd2+ 47. Qe3 Qg2 48. Be2 Qd5 49. Bf3 Qd2 50. Qxd2 Bxd2+ 51. Ke4 Be1 52. Kf4 Kf8
53. Bd5 Ke7 54. g4 Bxh4 55. gxh5 gxh5 56. Bf3 f6 57. Bxh5 1/2-1/2

[Event "25. Copenhagen Open  (Politiken Cup)"]
[Site "Copenhagen"]
[Date "2003.07.14"]
[Round "1"]
[White "Greger, Roland Reinhard"]
[Black "Christensen, Janus"]
[Result "1-0"]
[WhiteElo "2342"]
[BlackElo "1951"]
[PlyCount "49"]
[EventDate "2003.07.14"]
[EventType "swiss"]
[EventRounds "11"]
[EventCountry "DEN"]
[SourceDate "2004.01.01"]

1. e4 c5 2. Nf3 d6 3. d4 cxd4 4. Nxd4 Nf6 5. Nc3 Nc6 6. f4 Bg4 7. Nf3 Qb6 8. h3
Bxf3 9. Qxf3 Nd4 10. Qf2 Rc8 11. Bd3 e5 12. O-O Be7 13. Be3 Qxb2 14. Bxd4 exd4
15. Nb5 Nxe4 16. Qe2 Nc3 17. Qg4 O-O 18. Nxd4 Qb6 19. f5 Bf6 20. Rf4 h5 21.
Qxh5 Bxd4+ 22. Kh1 Bf6 23. Rh4 Bxh4 24. f6 g6 25. Bxg6 1-0

[Event "25. Copenhagen Open  (Politiken Cup)"]
[Site "Copenhagen"]
[Date "2003.07.14"]
[Round "1"]
[White "Gregusson, Magnus Albert"]
[Black "Hoi, Carsten"]
[Result "0-1"]
[WhiteElo "1500"]
[BlackElo "2385"]
[PlyCount "44"]
[EventDate "2003.07.14"]
[EventType "swiss"]
[EventRounds "11"]
[EventCountry "DEN"]
[SourceDate "2004.01.01"]

1. d4 Nf6 2. c4 c5 3. d5 d6 4. Nc3 g6 5. Nf3 Bg7 6. Bf4 O-O 7. e4 Bg4 8. h3
Bxf3 9. gxf3 Nbd7 10. Qd2 Qa5 11. Nb5 Qxd2+ 12. Bxd2 Nh5 13. O-O-O Be5 14. Bh6
Rfc8 15. h4 a6 16. Bh3 axb5 17. Bxd7 Rd8 18. Bxb5 Rxa2 19. f4 Bxb2+ 20. Kb1
Rda8 21. f5 Bd4 22. Bc1 Rxf2 0-1